Arte y metafisica /
Guardado en:
| Autor Principal: | |
|---|---|
| Formato: | Libro |
| Publicado: |
Buenos Aires :
Paidos,
1971
|
| Series: | Biblioteca Del Hombre Contempo
|
| Materias: | |
| Etiquetas: |
Agregar Etiqueta
Sin Etiquetas, Sea el primero en etiquetar este registro!
|
| LEADER | 00571nam a22002175a 4500 | ||
|---|---|---|---|
| 001 | EHU.bham026393 | ||
| 003 | AR-BHAM | ||
| 005 | 20110509115246.0 | ||
| 008 | 130507s1971##################000#0#####d | ||
| 082 | 1 | 0 | |a 101 |
| 100 | 1 | |a Kogan, Jacobo | |
| 245 | 1 | 0 | |a Arte y metafisica / |c Jacobo Kogan |
| 260 | |a Buenos Aires : |b Paidos, |c 1971 | ||
| 300 | |a 237 p. | ||
| 490 | 0 | |a Biblioteca Del Hombre Contempo | |
| 653 | |a Metafisica | ||
| 653 | |a Arte | ||
| 653 | |a Hegel | ||
| 653 | |a Kant | ||
| 653 | |a Kant-metafisica | ||
| 859 | |a AR-BHAM |b BIB. HUMANIDADES - General |h 101 |i K822 |p 169.04 |t Ej.1 | ||
